000 00919pam a2200289 i 4500
003 EG-GICUC
005 20260121101721.0
008 800228s2013 enk fr 000 0 eng d
020 _a9781472510204
_q(ePDF)
020 _a9781472512895
_q(Hardback)
040 _aDLC
_cDLC
_dDLC
_dEG-GICUC
_beng
_erda
082 0 0 _a341.75
_221
092 0 4 _221
099 _aLaw 11 2013
245 0 0 _aLegal aspects of the new international economic order /
_cedited by Kamal Hossain.
264 _aLondon :
_bF. Pinter ;
_bNichols Pub. Co.,
_c2013.
300 _axii, 285 pages ;
_c23 cm.
336 _atext
_2rdacontent
337 _aComputer
_2rdamedia
338 _aOnline Resource
_2rdacarrier
504 _aincludes index.
650 0 _aInternational economic relations.
700 1 _aHossain, Kamal,
_d1939-
856 4 0 _uhttps://fll.law.cu.edu.eg/fulltext/bks/ENGB11-00049.pdf
905 _a10
942 _2ddc
_cBK
_e21
_n0
999 _c56677
_d56677